000 00892nam a2200241 i 4500
001 89000
003 ES-MaACL
005 20250807205511.0
007 t|
008 050124s2004 sp ||||1| spa d
020 _a84-00-08223-0
080 _a929-055.2(7/8)
245 0 4 _aLas mujeres en la construcción de las sociedades iberoamericanas /
_cPilar Gonzalbo Aizpuru, Berta Ares Queija (coordinadoras).
260 _aMadrid :
_bConsejo Superior de Investigaciones Científicas ;
_aMéxico :
_bEl Colegio de México,
_c2004.
300 _a330 p. ;
_c24 cm.
650 1 4 _aMujeres-
_zAmérica Latina
_915253
700 1 _aGonzalbo Aizpuru, Pilar.
_958265
700 1 _aAres Queija, Berta.
_922633
710 2 _aConsejo Superior de Investigaciones Científicas (España)
_93236
710 2 _aColegio de México.
_92911
852 _aES-MaACL
_jL-28634
_bR.135109
999 _c89000
_d89000